[Event "Kathmandu Open 2018"]
[Site "Kathmandu"]
[Date "2018.04.14"]
[Round "4"]
[White "Neelash Saha"]
[Black "Volkov, Sergey"]
[Result "1-0"]
[WhiteElo "2212"]
[BlackElo "2598"]
[Annotator "TA"]
[PlyCount "87"]
[EventDate "2018.??.??"]
[EventType "swiss"]
[EventCountry "NEP"]
[SourceTitle "playchess.com"]
[Source "ChessBase"]
[SourceQuality "1"]

{[%evp 9,87,22,28,20,49,47,37,17,33,32,49,49,52,52,39,35,62,15,16,0,0,0,0,-106,-102,-99,-41,-58,0,0,0,0,0,0,8,0,425,391,633,628,594,594,591,594,1335,1345,1223,1291,1183,830,816,804,741,740,1123,1158,1160,1118,1059,1041,1456,1362,1450,1266,1246,1180,6164,11415,5256,5265,5246,5246,5151,5116,5106,2005,29985,29986,29986,29987]} 1. d4 d5 2. c4 e6 3. Nf3 a6 4. g3 (4. Nc3 Nf6 5. cxd5 exd5 6. Bf4 Bd6 7. Bg3 O-O 8. e3 Nc6 9. Bd3 Bg4 10. a3 Bxg3 11. hxg3 g6 12. Qc2 Qd6 13. O-O-O b5 {1-0 (54) Bu,X (2730)-Bosiocic,M (2624) Riadh 2017}) 4... dxc4 5. Bg2 Ne7 $146 ({Predecessor:} 5... Nc6 6. O-O Rb8 7. e4 Nf6 8. Nc3 Be7 9. Qe2 Nxd4 10. Nxd4 Qxd4 11. Rd1 Qc5 12. Be3 Qa5 13. Bd2 Qc5 14. Be3 Qa5 15. Bd2 Qc5 16. e5 Nd7 17. Ne4 {0-1 (47) Halkias,S (2583)-Ibarra Jerez,J (2561) Heraklio 2017}) 6. O-O {D30: Queen's Gambit Declined: Systems without Nc3} b5 7. Ne5 {[%mdl 1024] White has compensation.} c6 8. e3 {White is slightly better.} f6 9. Nf3 Nd7 10. b3 cxb3 11. axb3 Nd5 12. Bd2 a5 13. Nh4 {And now Qh5+ would win.} g6 14. Qc2 Qb6 15. Rc1 Bb7 $1 16. Nxg6 (16. Nc3 $11 {remains equal.}) 16... hxg6 $17 17. Qxg6+ {[#]} Kd8 (17... Ke7 $1 $17 18. Nc3 Nxc3 19. Rxc3 b4) 18. e4 $15 Nb4 ({Weaker is} 18... Qxd4 19. exd5 cxd5 20. Bxa5+ Ke7 21. Bc3 $16) ({Better is} 18... Nc7 $15 19. Be3 a4) 19. Be3 $1 $11 c5 20. dxc5 Qc6 $1 {White must now prevent ...Nd3.} 21. Nc3 {Strongly threatening Rd1.} Ke7 $1 {Hoping for ...Ne5.} 22. Bf4 $1 {Nd5+! is the strong threat.} Nd3 $2 {[%mdl 8192] [#]} (22... Ne5 $1 $11 {and Black has nothing to worry.} 23. Bxe5 fxe5) 23. Nd5+ $1 $18 {[%mdl 512]} Kd8 $2 (23... exd5 24. exd5 Nxf4 25. gxf4 Qxd5 26. Bxd5 Bxd5) 24. Bc7+ Qxc7 25. Nxc7 Kxc7 {[#]} 26. c6 $1 Bxc6 {[#]} 27. Rxc6+ $1 {[%mdl 512]} Kxc6 28. e5+ $1 Kb6 29. Qxd3 Nxe5 30. Qe4 Ra7 31. Rc1 Bc5 {[#]} 32. Rxc5 $1 {[%mdl 512]} Kxc5 33. Qe3+ Kb4 34. Qxa7 Kxb3 35. Qxa5 b4 36. Qa6 Re8 37. Bc6 Nxc6 38. Qxc6 {[%mdl 4096] Endgame KQ-KR} Rd8 39. Qxe6+ Kc3 40. Qxf6+ Rd4 41. Kf1 b3 42. Ke2 {White wants to mate with Ke3.} b2 43. Ke3 b1=Q 44. Qxd4+ {Precision: White = 74%, Black = 46%.} 1-0

[Event "Kathmandu Open 2018"]
[Site "Kathmandu"]
[Date "2018.04.14"]
[Round "4"]
[White "Jaiswal, Rupesh"]
[Black "Shubham Shukla"]
[Result "1-0"]
[WhiteElo "2121"]
[BlackElo "1838"]
[Annotator "NA"]
[PlyCount "49"]
[EventDate "2018.??.??"]
[EventType "swiss"]
[EventCountry "NEP"]
[SourceTitle "playchess.com"]
[Source "ChessBase"]
[SourceQuality "1"]
[TimeControl "5400+30"]

1. d4 f5 2. Nf3 Nf6 3. Bf4 g6 4. e3 Bg7 5. Be2 d6 6. h3 c6 7. c3 Qc7 8. Nbd2 Nbd7 9. Ng5 Nf8 10. Bc4 Nd5 11. Bh2 h6 12. Ngf3 Nb6 13. Bb3 e5 14. dxe5 dxe5 15. Nc4 Nxc4 16. Bxc4 b5 17. Bb3 Be6 18. O-O Qe7 19. a4 Nd7 20. axb5 cxb5 21. Bd5 Rd8 22. Qb3 Bxd5 23. Qxd5 Nc5 24. Qc6+ Kf8 25. Qxg6 1-0

[Event "Kathmandu Open 2018"]
[Site "Kathmandu"]
[Date "2018.04.14"]
[Round "4"]
[White "Harshita Guddanti"]
[Black "Sriram, Jha"]
[Result "0-1"]
[WhiteElo "2064"]
[BlackElo "2392"]
[Annotator "TA"]
[PlyCount "82"]
[EventDate "2018.??.??"]
[EventType "swiss"]
[EventCountry "NEP"]
[SourceTitle "playchess.com"]
[Source "ChessBase"]
[SourceQuality "1"]

{[%evp 18,82,56,47,70,55,57,25,27,28,19,12,28,28,27,28,21,-26,-25,-19,-3,-54,-51,-62,-64,-73,-58,-62,-55,-82,-73,-97,-84,-108,-96,-80,-41,-52,-40,-116,-110,-110,-106,-95,-59,-89,-40,-65,0,-26,-29,-29,-7,-43,-43,-36,-8,-23,-29,-54,-52,-45,-56,-508,-509,-489,-464]} 1. e4 e5 2. Nf3 Nc6 3. Bb5 a6 4. Ba4 Nf6 5. O-O Be7 6. d3 d6 7. c3 O-O 8. Re1 Nd7 9. Nbd2 {C84: Closed Ruy Lopez: Unusual White 6th moves} (9. Be3 Nb6 10. Bb3 Kh8 11. Nbd2 f5 12. Bxb6 cxb6 13. exf5 Bxf5 14. d4 exd4 15. Nxd4 Nxd4 16. cxd4 Qd7 {0-1 (32) Anand,V (2783)-Caruana,F (2807) Saint Louis 2017}) 9... Kh8 10. d4 {LiveBook: 3 Games} Bf6 {[%cal Re5d4]} 11. Bxc6 $146 {White is slightly better.} ({Predecessor:} 11. Nf1 b5 12. Bc2 Nb6 13. Ne3 g6 14. h3 Bg7 15. dxe5 Nxe5 16. Nxe5 Bxe5 {0-1 (39) Deshpande,A (2208)-Lemos,D (2516) Sitges 2016}) 11... bxc6 12. dxe5 Nxe5 13. Nxe5 Bxe5 14. Nc4 Bf6 15. Bf4 Be6 16. Na5 Qb8 17. Nb3 Qb5 18. Re2 Bc4 $36 {[%mdl 2048] Black fights for an advantage.} 19. Rd2 (19. Re3 $11) 19... Rfe8 $15 20. f3 c5 21. Nc1 a5 22. a4 Qc6 23. Qc2 Rab8 24. Rb1 Be6 25. c4 Bd4+ 26. Kh1 {[#]} f5 $1 {[%mdl 512] Strongly threatening ...fxe4.} 27. Ne2 (27. exf5 Bxf5) 27... fxe4 28. fxe4 {[#]} ({White should play} 28. Nxd4 $15 cxd4 29. Qxe4 Qxa4 30. Qxd4) 28... Bf6 $1 $17 29. b3 Bf7 30. Ng3 Re6 31. Re2 Rbe8 32. Bd2 Qa8 ({Better is} 32... h5 $15 33. Bc3 h4 34. Bxf6 Rxf6) 33. Rbe1 Bg6 34. Qd3 Bh4 35. Qd5 c6 {[%cal Bc7c6,Bc6d5][%mdl 32]} 36. Qd3 Bxg3 37. hxg3 {[#]} d5 $1 {[%cal Rg6e4][%mdl 512]} 38. cxd5 cxd5 {[%cal Rg6e4]} 39. Qb5 Bxe4 40. Bxa5 $2 {[%mdl 8192]} (40. Qxa5 $15 Qb7 41. Qc3) 40... Rb8 $19 41. Qxc5 Rc6 {Precision: White = 41%, Black = 63%.} 0-1

[Event "Kathmandu Open 2018"]
[Site "Kathmandu"]
[Date "2018.04.14"]
[Round "4"]
[White "Hamal, Manish"]
[Black "Sharma, Bhagawati Prasad"]
[Result "1-0"]
[WhiteElo "2058"]
[BlackElo "1829"]
[Annotator "NA"]
[PlyCount "45"]
[EventDate "2018.??.??"]
[EventType "swiss"]
[EventCountry "NEP"]
[SourceTitle "playchess.com"]
[Source "ChessBase"]
[SourceQuality "1"]
[TimeControl "5400+30"]

1. e4 c5 2. Nf3 e6 3. d4 cxd4 4. c3 dxc3 5. Nxc3 a6 6. Bc4 Ne7 7. O-O Ng6 8. Qe2 Be7 9. Re1 Qc7 10. Be3 O-O 11. Rac1 b5 12. Bb3 Bb7 13. a3 Nc6 14. g3 Rac8 15. h4 Rfe8 16. Ng5 Bxg5 17. Bxg5 f6 18. Be3 Na5 19. Bc2 Nc4 20. h5 Nxe3 21. Qxe3 Ne5 22. Rcd1 Red8 23. Qe2 1-0

[Event "Kathmandu Open 2018"]
[Site "Kathmandu"]
[Date "2018.04.14"]
[Round "4"]
[White "Sonkalan Bharati"]
[Black "Dahal, Sushrut"]
[Result "1-0"]
[WhiteElo "2050"]
[BlackElo "1792"]
[Annotator "NA"]
[PlyCount "55"]
[EventDate "2018.??.??"]
[EventType "swiss"]
[EventCountry "NEP"]
[SourceTitle "playchess.com"]
[Source "ChessBase"]
[SourceQuality "1"]
[TimeControl "5400+30"]

1. d4 Nf6 2. Nf3 e6 3. Bf4 b6 4. e3 Bb7 5. Nbd2 Be7 6. Bd3 d6 7. h3 Nbd7 8. O-O O-O 9. c3 Rc8 10. Qe2 c5 11. e4 Ne8 12. e5 d5 13. Rae1 g6 14. Nh2 Bg5 15. Bxg5 Qxg5 16. f4 Qe7 17. g4 Ng7 18. f5 exf5 19. gxf5 Nh5 20. f6 Qe6 21. Qe3 Rfe8 22. Ng4 Kh8 23. Qh6 Rg8 24. Nf3 Nf8 25. Qd2 Nd7 26. Ng5 Qe8 27. Nxf7+ Qxf7 28. e6 1-0

[Event "Kathmandu Open 2018"]
[Site "Kathmandu"]
[Date "2018.04.14"]
[Round "4"]
[White "Anustoop Biswas"]
[Black "Patil, Pratik"]
[Result "0-1"]
[WhiteElo "2039"]
[BlackElo "2258"]
[Annotator "TA"]
[PlyCount "90"]
[EventDate "2018.??.??"]
[EventType "swiss"]
[EventCountry "NEP"]
[SourceTitle "playchess.com"]
[Source "ChessBase"]
[SourceQuality "1"]

{[%evp 15,90,-7,0,1,12,0,15,19,144,66,106,0,0,0,0,0,0,0,0,0,0,-12,-6,-6,-9,-17,-14,-25,-17,-28,-29,-26,-17,-27,-13,-16,-18,-42,-15,-71,-71,-71,-71,-71,-71,-75,-75,-77,-76,-76,-71,-72,-71,-251,-237,-525,-512,-468,-467,-539,-535,-520,-542,-595,-595,-712,-702,-757,-741,-6049,-5812,-29991,-29992,-29993,-29992,-29997,-29998]} 1. e4 c5 2. Nc3 e6 3. f4 d5 4. Bb5+ Bd7 5. Bxd7+ Qxd7 6. Nf3 dxe4 7. Nxe4 Nc6 8. d3 Be7 {LiveBook: 5 Games. B23: Closed Sicilian: Lines without g3} 9. Be3 b6 10. Ne5 Nxe5 {The position is equal.} (10... Qc7 11. Qf3 Rc8 12. O-O Nf6 13. Nxc6 {½-½ (13) Sveshnikov,E (2535)-Degraeve,J (2553) Cappelle-la-Grande 2009}) 11. fxe5 Qd5 {[#]} (11... f5 $1 $11 12. Nd2 O-O-O) 12. Qf3 $1 $16 {0-0 is the strong threat.} O-O-O $146 ({Find the theoretical novelty and annotate with similar games:} 12... f5 13. exf6 Nxf6 14. c4 Qd8 15. Ng5 Rc8 16. Nxe6 Qxd3 {1-0 (29) Lerch Gallemi,J-Sadabell del Hoyo,C Spain 1994}) 13. Bf4 (13. Qxf7 $16 Qxe5 14. O-O) 13... f5 $11 14. exf6 Nxf6 15. O-O Nxe4 16. dxe4 Qd4+ 17. Be3 Qe5 18. Qf4 Bd6 {[#] Hoping for ...Qh5.} 19. Qxe5 Bxe5 20. Rf7 Rd7 21. Rxd7 Kxd7 {[%mdl 4096] Endgame KRB-KRB} 22. Rd1+ Kc6 23. c3 Rf8 24. g3 a6 25. Kg2 b5 26. Ra1 Rb8 27. Rb1 (27. Rd1 $11 {remains equal.}) 27... b4 $17 28. cxb4 Rxb4 29. b3 Rxe4 30. Kf3 Rb4 31. Rc1 Bd4 32. Bd2 Rb7 33. Ke4 Rf7 34. b4 $2 (34. Be3 $17 Rd7 35. Rc2) 34... Rf2 $19 35. Kd3 $2 (35. Rd1) 35... Kd5 36. bxc5 {With the idea c6.} e5 {[%cal Be6e5,Be5e4,Be4e3][%mdl 32]} 37. c6 {Threatens to win with c7.} e4+ 38. Kc2 {aiming for c7.} Kxc6 39. Kd1+ Kd5 40. h4 e3 41. Be1 Rxa2 {[%csl Ga2][%cal Re3e2]} 42. Rc8 Ke4 {( -> ...Kd3)} 43. Bb4 Kd3 {Black mates.} 44. Rc1 a5 45. Bd6 Rg2 {Precision: White = 37%, Black = 62%.} 0-1

[Event "Kathmandu Open 2018"]
[Site "Kathmandu"]
[Date "2018.04.14"]
[Round "4"]
[White "Nepali, Badrilal"]
[Black "Harsha Bharathakoti"]
[Result "0-1"]
[WhiteElo "2020"]
[BlackElo "2424"]
[Annotator "TA"]
[PlyCount "92"]
[EventDate "2018.??.??"]
[EventType "swiss"]
[EventCountry "NEP"]
[SourceTitle "playchess.com"]
[Source "ChessBase"]
[SourceQuality "1"]

{[%evp 13,92,0,8,12,0,0,10,18,20,12,17,-2,-7,-8,0,-2,0,-5,0,-4,0,-16,-16,-21,-20,-28,-27,-22,-21,-25,-22,-31,-27,-19,-25,-24,-37,-55,-29,-30,-21,-54,-54,-54,-54,-59,-59,-74,-75,-79,-63,-63,-63,-63,0,0,0,0,0,-2,-2,-32,0,0,0,0,15,-4,0,-39,-39,-39,0,-39,-39,-39,-39,-39,0,-39,-39]} 1. Nf3 d5 2. g3 g6 3. Bg2 Bg7 4. O-O e5 5. d3 Ne7 6. c4 dxc4 {A07: Réti Opening: New York and Capablanca Systems} (6... c6 7. Nc3 O-O 8. Qc2 h6 9. b3 Re8 10. Ba3 Na6 11. Rac1 Qa5 12. Bb2 Bg4 13. a3 Qd8 14. b4 Nc7 15. cxd5 Nexd5 {½-½ (70) Petrosian,T (2601)-Jumabayev,R (2612) Riadh 2017}) 7. dxc4 O-O {LiveBook: 3 Games} 8. Qxd8 $146 ({Predecessor:} 8. Nc3 c6 9. Qb3 h6 10. Rd1 Qc7 11. Ne4 Na6 12. Be3 Nf5 13. Bd2 Be6 14. Qa4 {0-1 (35) Nguyen,H (2257)-To,N (2326) Vietnam 2016}) 8... Rxd8 {The position is equal.} 9. Nc3 c6 10. e4 Be6 11. b3 f6 12. Ba3 Bf8 13. Rfd1 Na6 14. Ne1 g5 15. Nc2 Ng6 16. Bxf8 Kxf8 17. Kf1 Nc5 18. Ke2 a5 19. Ne3 Ne7 20. Rxd8+ Rxd8 21. Rd1 Rd4 22. Nc2 Rxd1 23. Kxd1 Nc8 24. Ne3 Nd6 25. Kd2 Kf7 26. f3 h5 {[%cal Bh7h5,Bh5h4][%mdl 32]} 27. h3 h4 28. g4 Ke8 29. Bf1 Bf7 30. Bd3 Kd7 31. Ne2 b5 32. cxb5 cxb5 33. Nc3 Kc6 ({Black should play} 33... b4 $1 $15 34. Ncd5 Bxd5 35. Nxd5 Ke6) 34. Ncd5 $11 Nd7 35. a3 Nb6 {[%cal Rb6d5]} 36. Nxb6 Kxb6 {[%mdl 4096] Endgame KBN-KBN} 37. Kc3 Nb7 38. b4 Nd8 39. Nf5 Be6 40. Ne3 Nc6 41. Nc2 Ne7 42. Ne3 Nc6 43. Be2 Nd4 44. Bd1 $1 a4 45. Kd2 Bc4 46. Ke1 Bb3 {Precision: White = 57%, Black = 61%.} 0-1

[Event "Kathmandu Open 2018"]
[Site "Kathmandu"]
[Date "2018.04.14"]
[Round "4"]
[White "Karmacharya, Punya Man"]
[Black "Kaustuv, Kundu"]
[Result "0-1"]
[WhiteElo "1933"]
[BlackElo "2381"]
[Annotator "TA"]
[PlyCount "100"]
[EventDate "2018.??.??"]
[EventType "swiss"]
[EventCountry "NEP"]
[SourceTitle "playchess.com"]
[Source "ChessBase"]
[SourceQuality "1"]

{[%evp 13,100,0,-19,-74,-65,-82,-56,-94,-96,-98,-89,-90,-91,-122,-120,-117,-105,-139,-137,-220,-214,-199,-114,-108,-126,-177,-110,-100,-106,-181,-175,-207,-197,-225,-214,-391,-181,-193,-190,-184,-178,-237,-177,-259,-274,-255,-186,-180,-168,-201,-199,-442,-442,-442,-437,-442,-437,-499,-435,-433,-428,-421,-421,-545,-544,-523,-476,-768,-762,-761,-728,-716,-695,-761,-753,-696,-661,-759,-762,-723,-720,-11659,-6635,-5932,-5856,-29966,-29962,-5879,-5531]} 1. e4 c5 2. Nf3 e6 3. d4 cxd4 4. Nxd4 Nc6 5. Nb5 d6 6. Bf4 e5 7. Be3 Nf6 {LiveBook: 318 Games} 8. Be2 $146 {B44: Sicilian: Taimanov: 5 Nb5} (8. N5c3 $11 {keeps the balance.}) ({Predecessor:} 8. Bg5 Be6 9. c4 Be7 10. N1c3 O-O 11. Be2 a6 12. Na3 Nxe4 13. Bxe7 Nxc3 14. Bxd8 Nxd1 15. Bc7 Nxb2 16. Bxd6 Rfd8 {0-1 (27) Leko,P (2730)-Grischuk,A (2783) Beijing 2013}) 8... Nxe4 $17 9. O-O Be7 10. f3 {Black is slightly better.} Nf6 11. c4 a6 12. N5c3 O-O 13. Nd5 Nxd5 14. cxd5 {[#]} Nd4 $1 {[%mdl 512]} 15. Bxd4 exd4 16. Qxd4 (16. Nd2 $17) 16... Bf6 $19 17. Qb4 Qe7 (17... Re8 $1 $19 18. Bc4 Be5) 18. Qd2 $17 Re8 $36 {[%mdl 2048] Keeping White busy.} 19. Bc4 {[#]} (19. Re1 $17) 19... Qe3+ ({Better is} 19... b5 $1 $19 {[%cal Rb5c4]} 20. Bb3 {[#]} b4 $1 {[%mdl 512]}) 20. Qxe3 Rxe3 21. Nd2 (21. Nc3 $17) 21... Bxb2 22. Rad1 b5 23. Bb3 Bf5 24. Kf2 $2 (24. Rfe1 Rxe1+ 25. Rxe1) 24... Re7 (24... Bd4 $142 25. Kg3 Rae8) 25. Rfe1 Bd4+ 26. Kg3 Rae8 27. Ne4 {[#]} (27. Rxe7 $142 Rxe7 28. Ne4) 27... Bc3 $1 {[%mdl 512]} 28. Re3 (28. Re2 $142) (28. Nxc3 Rxe1) 28... Be5+ $19 ({Inferior is} 28... Bxe4 29. Rxc3 Bf5 30. Rc6 $11) 29. Kf2 Bf4 ({Don't do} 29... Bxh2 30. g3 $17) 30. Re2 Bxe4 ({But not} 30... Bxh2 31. g3 $17) 31. Rde1 f5 32. Bc2 $2 {[#]} (32. g3 {is a better defense.} Be5 33. fxe4) 32... Bxc2 $1 {[%mdl 512]} 33. Rxe7 (33. Rxc2 Rxe1) 33... Rxe7 34. Rxe7 Be5 35. Re8+ Kf7 36. Ra8 Bd3 37. Rxa6 Bc4 38. Ra5 Bd4+ 39. Kg3 Bb6 40. Ra6 (40. Ra8 $142) 40... Bc5 41. Kf4 Kf6 42. h4 Bxd5 43. g4 fxg4 44. fxg4 h6 45. h5 Be6 46. Ra8 Bd4 47. a4 Be5+ 48. Ke4 bxa4 49. g5+ Kxg5 50. Rxa4 Kxh5 {Precision: White = 33%, Black = 66%.} 0-1

[Event "Kathmandu Open 2018"]
[Site "Kathmandu"]
[Date "2018.04.14"]
[Round "4"]
[White "Lama, Surbir"]
[Black "Thing, Bibek"]
[Result "0-1"]
[WhiteElo "1911"]
[BlackElo "2263"]
[Annotator "TA"]
[PlyCount "122"]
[EventDate "2018.??.??"]
[EventType "swiss"]
[EventCountry "NEP"]
[SourceTitle "playchess.com"]
[Source "ChessBase"]
[SourceQuality "1"]

{[%evp 19,122,0,0,0,32,-62,-58,-35,-25,-31,-19,-75,-86,-99,-93,-92,-83,-94,-89,-89,-81,-81,-81,-103,-81,-89,-83,-94,-17,-31,0,0,0,-109,-26,-18,0,0,0,0,0,0,0,0,0,0,0,-24,-18,-18,-11,-11,-11,-11,-11,-11,-14,-28,-29,-29,-29,-86,-39,-39,-29,-29,-31,-59,-66,-68,0,-43,-43,-50,-30,-32,-33,-127,-91,-83,-83,-500,-400,-386,-385,-715,-672,-605,-587,-557,-405,-29975,-29977,-29977,-29977,-29982,-29983,-29983,-29984,-29986,-29985,-29986,-29987,-29988,-29987]} 1. d4 Nf6 2. c4 e6 3. g3 d5 4. Bg2 dxc4 5. Nf3 Bd7 6. Ne5 Bc6 {E04: Open Catalan: 5 Nf3} 7. Nxc6 Nxc6 8. Bxc6+ (8. e3 Qd7 9. O-O Rd8 10. Qe2 e5 11. Nc3 Be7 12. Qxc4 exd4 13. Rd1 O-O 14. Bxc6 Qxc6 15. Qxc6 bxc6 16. Rxd4 Rxd4 17. exd4 {½-½ (31) Yilmaz,M (2619)-Can,E (2603) Reykjavik 2018}) 8... bxc6 9. Qa4 Qd5 10. O-O Qb5 {LiveBook: 4 Games} 11. Qc2 Nd5 12. Na3 $146 (12. e4 $14) ({Find the theoretical novelty and annotate with similar games:} 12. e4 Nb4 13. Qe2 Nd3 14. Nc3 {1-0 (77) Erler,M-Gabriel,R (2245) Germany 1990}) 12... Bxa3 $1 $15 13. bxa3 O-O 14. Rb1 Qa6 $1 15. e4 (15. Bd2 $11) 15... Nb6 $17 16. f4 Rad8 17. Bb2 Qa5 18. Qc3 Qxc3 19. Bxc3 f5 20. Rfe1 Rfe8 21. Kf2 Kf7 22. Kf3 fxe4+ 23. Rxe4 Nd5 (23... Rd5 $17) 24. Rc1 $11 Rb8 25. Re2 Rb6 26. Rec2 (26. Bb4 $11) 26... Reb8 ({Black should play} 26... Ra6 $17 27. Bb4 c3 $1 {[%mdl 512]}) 27. Bb4 $1 Nxb4 (27... a5 {NOTEXT} 28. Bd2 Ke7 29. Rxc4 Rb2 30. R4c2 Rxc2 31. Rxc2 a4) 28. axb4 {[%mdl 4096] Endgame KRR-KRR} Ra6 29. Rxc4 Rxa2 30. Rxc6 Rxb4 31. Rxc7+ Kf6 32. d5 Rb3+ 33. Kg4 {next R1c6 is good for White.} Rxh2 {[%csl Gh2][%cal Rh7h5]} 34. R1c3 $1 {[%cal Rc3b3]} h5+ 35. Kf3 Rxc3+ 36. Rxc3 exd5 {KR-KR} 37. Rc6+ Kf5 38. Rc5 Rd2 39. Ke3 Rd1 40. Ke2 (40. Ra5 $11) 40... Rd4 {aiming for ...Kg4.} (40... Ra1 {NOTEXT} 41. Rxd5+ Kg6 42. Rd6+ Kf7 43. Rd7+ Kf6) 41. Ke3 $1 {[%cal Re3d4]} Re4+ 42. Kf3 Ke6 {And now ...Ra4 would win.} 43. Rc6+ Kf7 44. Rc5 Ke6 {Threatens to win with ...Ra4.} 45. Rc6+ $1 Kd7 46. Ra6 Re7 47. Rxa7+ Kd6 48. Ra6+ (48. Ra5 $15) 48... Kc5 $17 49. Ra5+ Kc4 50. Ra4+ $2 {[%mdl 8192]} (50. Kf2 $17 {was the crucial defense.}) 50... Kb5 51. Rd4 Kc5 52. Ra4 $2 {[#]} (52. Rd1 d4 53. Kf2) 52... d4 $1 $19 {[%cal Bd5d4,Bd4d3,Bd3d2][%mdl 32]} 53. Ra5+ Kc4 54. Rxh5 {[#]} d3 $1 {[%cal Rd3d2] ( -> ...d2)} 55. Rh1 (55. Rh8 $19 Kc3 56. Kf2) 55... d2 {Black mates.} 56. Rd1 Kd3 57. f5 Re1 58. Rxd2+ Kxd2 59. Kg4 Kd3 60. Kg5 Ke4 61. g4 Rg1 {Precision: White = 45%, Black = 57%.} 0-1

[Event "Kathmandu Open 2018"]
[Site "Kathmandu"]
[Date "2018.04.14"]
[Round "4"]
[White "Lama, Suman"]
[Black "Ramaraju, N."]
[Result "0-1"]
[WhiteElo "1900"]
[BlackElo "2175"]
[Annotator "NA"]
[PlyCount "98"]
[EventDate "2018.??.??"]
[EventType "swiss"]
[EventCountry "NEP"]
[SourceTitle "playchess.com"]
[Source "ChessBase"]
[SourceQuality "1"]
[TimeControl "5400+30"]

1. d4 Nf6 2. Nf3 e6 3. g3 b5 4. Bg2 Bb7 5. O-O c5 6. b3 cxd4 7. Qxd4 Nc6 8. Qd1 d5 9. Bb2 Be7 10. Nd4 Qb6 11. e3 Rc8 12. Qe2 a6 13. Rc1 O-O 14. Nd2 Rfe8 15. a3 h6 16. b4 Rc7 17. N2b3 Rec8 18. h4 Nb8 19. Nf3 Ba8 20. Bd4 Qc6 21. Ne5 Qe8 22. Nc5 Bxc5 23. Bxc5 Nfd7 24. Bd6 Nxe5 25. Bxe5 Rc4 26. f4 f6 27. Bxb8 Rxb8 28. Bh3 Rbc8 29. Qd2 Qc6 30. Qd3 f5 31. Ra2 d4 32. Kh2 Qf3 33. Rf1 Qd5 34. Qb3 dxe3 35. c3 Rxc3 36. Qb1 Qxa2+ 37. Qxa2 Rc2+ 38. Qxc2 Rxc2+ 39. Kg1 Ra2 40. Re1 Rxa3 41. Bg2 Bd5 42. Kf1 Bc4+ 43. Kg1 e2 44. Kf2 Kf7 45. Bf3 Kf6 46. g4 fxg4 47. Bxg4 g6 48. Rc1 h5 49. Bf3 Kf5 0-1

[Event "Kathmandu Open 2018"]
[Site "Kathmandu"]
[Date "2018.04.14"]
[Round "4"]
[White "Shrestha, Suman"]
[Black "Tamang Thendup"]
[Result "0-1"]
[WhiteElo "1807"]
[BlackElo "1953"]
[Annotator "NA"]
[PlyCount "45"]
[EventDate "2018.??.??"]
[EventType "swiss"]
[EventCountry "NEP"]
[SourceTitle "playchess.com"]
[Source "ChessBase"]
[SourceQuality "1"]
[TimeControl "5400+30"]

1. d4 d5 2. e3 Nf6 3. Nf3 e6 4. Nbd2 c5 5. c3 Nc6 6. Bd3 Be7 7. O-O O-O 8. Re1 b6 9. e4 dxe4 10. Nxe4 cxd4 11. Qe2 Bb7 12. Nfg5 g6 13. Nxf6+ Bxf6 14. Nxh7 Kxh7 15. Qh5+ Kg8 16. Bxg6 fxg6 17. Qxg6+ Bg7 18. Rxe6 Rf6 19. Qg4 Bc8 20. Bh6 Rxh6 21. Rae1 Bxe6 22. Rxe6 Rxe6 23. Qxe6+ 0-1

[Event "Kathmandu Open 2018"]
[Site "Kathmandu"]
[Date "2018.04.14"]
[Round "4"]
[White "Dangi, Mani Raj"]
[Black "Subhayan Kundu"]
[Result "0-1"]
[WhiteElo "1789"]
[BlackElo "2079"]
[Annotator "NA"]
[PlyCount "84"]
[EventDate "2018.??.??"]
[EventType "swiss"]
[EventCountry "NEP"]
[SourceTitle "playchess.com"]
[Source "ChessBase"]
[SourceQuality "1"]
[TimeControl "5400+30"]

1. e4 e6 2. d4 d5 3. Nd2 Nc6 4. c3 e5 5. Bb5 exd4 6. cxd4 dxe4 7. Nxe4 Qd5 8. Qe2 Bb4+ 9. Nc3+ Nge7 10. Be3 Qxg2 11. Qf3 Qxf3 12. Nxf3 O-O 13. Rg1 Nd5 14. Bd2 Re8+ 15. Kd1 Bxc3 16. bxc3 Bd7 17. Bc4 Nb6 18. Bd3 f6 19. h4 Na5 20. h5 Nac4 21. Nh4 Nb2+ 22. Kc2 Nxd3 23. Kxd3 Be6 24. Be3 Kf7 25. Rg3 g5 26. hxg6+ hxg6 27. Ke2 g5 28. Nf3 Nc4 29. Nd2 Nd6 30. a4 Rh8 31. Rgg1 Rh4 32. a5 Rah8 33. Rab1 Bg4+ 34. Kf1 Bf5 35. Rb4 Bd3+ 36. Ke1 Rh1 37. f3 R1h2 38. Nf1 Ra2 39. c4 Re8 40. c5 Nf5 41. Rxb7 Rxe3+ 42. Nxe3 Nxe3 0-1

[Event "Kathmandu Open 2018"]
[Site "Kathmandu"]
[Date "2018.04.15"]
[Round "5"]
[White "Tarlev, Konstantin"]
[Black "Kasparov, Sergey"]
[Result "1/2-1/2"]
[WhiteElo "2549"]
[BlackElo "2462"]
[Annotator "TA"]
[PlyCount "60"]
[EventDate "2018.??.??"]
[EventType "swiss"]
[EventCountry "NEP"]
[SourceTitle "playchess.com"]
[Source "ChessBase"]
[SourceQuality "1"]

{[%evp 18,60,12,10,35,24,23,-20,8,-35,-17,-52,5,5,25,-6,21,30,15,0,41,0,25,0,12,29,20,26,6,17,25,8,18,25,41,0,0,0,0,0,0,0,8,0,0]} 1. e4 d5 2. exd5 Qxd5 3. Nc3 Qd6 4. d4 Nf6 5. Nf3 c6 6. Ne5 Nbd7 {B01: Scandinavian Defence} 7. Nc4 Qc7 8. Qf3 Nb6 9. Ne5 (9. Bf4 Qd7 10. Nxb6 axb6 11. O-O-O Qd8 12. h3 e6 13. Bc4 Be7 14. g4 {½-½ (32) Grischuk,A (2750)-Rapport,R (2698) chess.com INT 2017}) 9... Be6 10. Bf4 {LiveBook: 24 Games} Qc8 11. O-O-O g6 12. Be2 Bg7 13. g4 $146 (13. Rhe1 {is interesting.} O-O 14. Kb1 Rd8 15. Bg3 Nh5 16. Qe3) ({Predecessor:} 13. h4 h5 14. Rhe1 {0-1 (41) Pavlogianni,D (1951)-Papadopoulou,V (2246) Athens 2006}) 13... Nbd5 14. Rhg1 Nxf4 (14... O-O $15) 15. Qxf4 $11 O-O 16. Kb1 Nd5 17. Nxd5 Bxd5 18. Bf3 e6 19. Rge1 b5 20. g5 f6 (20... Qc7 {with more complications.} 21. h4 Bxe5 22. dxe5 Rad8 23. Bxd5 Rxd5 24. h5 Rxd1+ 25. Rxd1 Rd8) 21. gxf6 Bxf6 22. Bxd5 exd5 23. Qg3 {[#] Black must now prevent Nxg6!} Bxe5 24. Rxe5 Qd7 25. Rde1 Rae8 26. Rxe8 (26. f4 {seems wilder.} b4 27. a4 a5 28. b3 Rxe5 29. fxe5 Qe7 30. e6) 26... Rxe8 {The position is equal.} 27. Rxe8+ Qxe8 {[%cal Re8e1] [#]} 28. a3 a5 29. Ka2 a4 30. c3 Qe6 {Precision: White = 36%, Black = 31%.} 1/2-1/2